Derechos humanos en el derecho internacional / (Record no. 7412)

000 -CABECERA
fixed length control field 00887nam a22002057a 4500
003 - IDENTIFICADOR DEL NÚMERO DE CONTROL
control field AR-CdUCM
008 - DATOS DE LONGITUD FIJA--INFORMACIÓN GENERAL
fixed length control field 190320b ||||| |||| 00| 0 spa d
040 ## - FUENTE DE LA CATALOGACIÓN
Agencia/entidad que catalogó originalmente la obra MUNICIPALIDAD PROVINCIAL DEL CUSCO
Entidad que transcribió la catalogación BIBLIOTECA MUNICIPAL DEL CUSCO
082 ## - NÚMERO DE LA CLASIFICACIÓN DECIMAL DEWEY
No. de Clasificación 342.1 /
Notacion interna M92
100 ## - ENTRADA PRINCIPAL--NOMBRE DE PERSONA
Nombre Personal Muelle Góngora, Edgar
245 ## - MENCIÓN DE TÍTULO
Título Derechos humanos en el derecho internacional /
260 ## - PUBLICACIÓN, DISTRIBUCIÓN, ETC.
Lugar de publicación, distribución, etc. Cusco :
Nombre de la editorial, distribuidor, etc. Mercantil,
Fecha de publicación, distribución, etc. 1997.
300 ## - DESCRIPCIÓN FÍSICA
Nº de Páginas Extensión 315 páginas ;
Dimensiones 21 cm.
505 ## - NOTA DE CONTENIDO CON FORMATO
Nota de contenido formateada Contenido: Los derechos humanos y las naciones unidas -- Los derechos humanos en Europa -- Los derechos humanos en América -- Los derechos humanos en África -- Los derechos de la mujer -- Los derechos del Niño -- El derecho de asilo y los refugiados ...
650 ## - PUNTO DE ACCESO ADICIONAL DE MATERIA--TÉRMINO DE MATERIA
Descriptor Derecho internacional
9 (RLIN) 5497
650 ## - PUNTO DE ACCESO ADICIONAL DE MATERIA--TÉRMINO DE MATERIA
Descriptor Derechos Humanos
9 (RLIN) 3264
650 ## - PUNTO DE ACCESO ADICIONAL DE MATERIA--TÉRMINO DE MATERIA
Descriptor DD.HH - América latina
9 (RLIN) 20905
942 ## - ELEMENTOS DE PUNTO DE ACCESO ADICIONAL (KOHA)
Fuente de clasificación
Tipo de item Libros-BMC
945 ## - PROCESAMIENTO DE INFORMACIÓN LOCAL (OCLC)
Catalogador lccs
Holdings
Estado de retiro (separado) Fuente de clasificación o esquema de estanterías Estado dañado Ubicación Sala donde se ubica Nombre de la colección Fecha de adquisición o compra Signatura topográfica Código de Barras Última vez visto (Koha) Tipo de ítem (Koha) Costo, precio normal en soles Número de Ejemplar
No     Sala Humanidades Sala Humanidades Book Cart 2019-03-20 342.1 / M92 SH0000008385 2019-03-20 Libros-BMC    
No     Sala Humanidades Sala Humanidades Book Cart 2019-05-28 342.1 / M92 / e.2 SH0000014673 2019-05-28 Libros-BMC 30.00 e.2

Powered by Koha